[Event "Titled Tuesday 16th June"]
[Site "chess.com INT"]
[Date "2020.06.16"]
[Round "8"]
[White "Nakamura,Hi"]
[Black "Bortnyk,Olexandr"]
[Result "1/2-1/2"]
[WhiteElo "2736"]
[BlackElo "2598"]

1.e4 Nf6 2.e5 Nd5 3.d4 d6 4.c4 Nb6 5.exd6 exd6 6.Nc3 Be7 7.Bd3 Nc6 8.Nge2 Bg4
9.f3 Bh5 10.Be3 O-O 11.b3 Bh4+ 12.Bf2 Bxf2+ 13.Kxf2 Qh4+ 14.g3 Qf6 15.Be4 Rae8
16.Nf4 Bg6 17.Nxg6 fxg6 18.Bxc6 bxc6 19.Qd3 c5 20.dxc5 Nd7 21.Rae1 Ne5 22.Qd5+ Kh8
23.Kg2 c6 24.Qd1 dxc5 25.Rhf1 Rd8 26.Qc2 Nxf3 27.Rd1 Rxd1 28.Qxd1 Qxc3 29.Rxf3 Qxf3+
30.Qxf3 Rxf3 31.Kxf3 Kg8 32.Kf4 Kf7 33.Ke5 Ke7 34.g4 g5 35.Kf5 h6 36.Ke5 g6
37.a3 a6 38.b4 cxb4 39.axb4 c5 40.b5 a5 41.Ke4 Kd6 42.Kd3 Kc7 43.Kc3 h5 44.h3 Kb7
45.Kc2 Kc7 46.Kb2 Kb7 47.Kc3 Kc7 48.Kd3 Kb7 49.Ke4 Kc7 50.Kd3 Kb7 51.Kd2 Kc7
52.Kc2 Kb7 53.Kb3 Kc7 54.Ka3 Kb7 55.Ka4 Kb6 56.Ka3 Kb7 57.Ka4 hxg4 58.hxg4 Kb6
59.Ka3 Kb7 60.Ka2 Kc7 61.Kb2 Kb7 62.Kc2 Kc7 63.Kd3 Kb7 64.Ke4 Kb6 65.Ke3 Kb7
66.Ke2 Kb6 67.Ke1 Kb7 68.Kd1 Kc7 69.Kc1 Kb6 70.Kb1 Kb7 71.Ka1 Ka7 72.Ka2 Kb7
73.Kb2 Kc7 74.Ka3 Kb7 75.Ka4 Kb6 76.Kb3 Kb7 77.Ka4  1/2-1/2

[Event "Titled Tuesday 16th June"]
[Site "chess.com INT"]
[Date "2020.06.16"]
[Round "9"]
[White "Indjic,A"]
[Black "Nakamura,Hi"]
[Result "0-1"]
[WhiteElo "2618"]
[BlackElo "2736"]

1.d4 g6 2.c4 Bg7 3.Nc3 c5 4.d5 Bxc3+ 5.bxc3 f5 6.Nf3 Qa5 7.Nd2 Nf6 8.Qc2 d6
9.g3 Nbd7 10.f3 Ne5 11.h3 Bd7 12.f4 Nf7 13.Bg2 h5 14.h4 Nh6 15.O-O Nhg4 16.Qd3 O-O-O
17.a4 Kb8 18.Nb3 Qc7 19.a5 Rhe8 20.Rb1 Ka8 21.Ba3 Ne4 22.Nd2 Nxd2 23.Qxd2 Qxa5
24.Ra1 Qc7 25.e4 fxe4 26.Bxe4 Bf5 27.Bg2 Kb8 28.Ra2 Rd7 29.Rfa1 b6 30.Bc1 Qd8
31.Ra6 Rb7 32.Qa2 Qd7 33.Bd2 Nf6 34.Re1 Bh3 35.Bf3 Bg4 36.Bg2 Bf5 37.Qa1 Bd3
38.Qa2 e6 39.dxe6 Rxe6 40.Rxe6 Qxe6 41.Bxb7 Bxc4 42.Qa1 Qe2 43.Rxa7 Qxd2
44.Bg2 Bd5 45.Ra8+ Kb7 46.Qa7+ Kc6 47.Qa4+ Kc7 48.Qa7+ Kc6 49.Qa4+ Kc7 50.Ra7+ Kd8
51.Bxd5 Qxd5 52.Ra8+ Ke7 53.Ra7+ Ke6 54.Qc2 Qf3 55.Qg2 Qxc3 56.Qe2+ Kf5  0-1

[Event "Titled Tuesday 16th June"]
[Site "chess.com INT"]
[Date "2020.06.16"]
[Round "10"]
[White "Nakamura,Hi"]
[Black "Meier,Geo"]
[Result "0-1"]
[WhiteElo "2736"]
[BlackElo "2621"]

1.Nf3 d5 2.b3 Bg4 3.Bb2 Nf6 4.e3 e6 5.Be2 Bd6 6.d3 O-O 7.Nbd2 c5 8.e4 Bc7
9.O-O Nc6 10.Re1 Rc8 11.c3 b5 12.Qc2 a6 13.Rad1 Bb6 14.Qb1 Qc7 15.c4 d4 16.h3 Bh5
17.Nh4 Rfd8 18.a3 Ba5 19.Qc2 bxc4 20.Qxc4 Bxd2 21.Rxd2 Qf4 22.Bc1 Qxh4 23.Bf1 Ne5
24.Qxa6 Bf3 25.Rc2 g5 26.Qa5 Nfd7 27.Qd2 h6 28.a4 Qh5 29.a5 Qg6 30.a6 Qf6
31.b4 Bh5 32.b5 Nb6 33.Qa5 Ned7 34.f3 e5 35.Rf2 Qd6 36.g3 f6 37.f4 Bf7 38.h4 c4
39.fxg5 fxg5 40.dxc4 Nxc4 41.hxg5 Nxa5 42.gxh6 Bg6 43.Bd2 Nc4 44.Bg5 Ndb6
45.Rf6 Kh7 46.Rxd6 Rxd6 47.Bh3 d3 48.Bxc8 Nxc8 49.Ra1 d2 50.Bxd2 Rxd2 51.a7 Nxa7
52.Rxa7+ Kxh6 53.Rc7 Ne3 54.b6 Rg2+ 55.Kh1 Rb2 56.Rc6 Kg5 57.Kg1 Bxe4 58.Rc8 Rg2+
59.Kh1 Rf2+ 60.Kg1 Rf1+ 61.Kh2 Rh1+  0-1

[Event "Chessable Masters GpA"]
[Site "chess24.com INT"]
[Date "2020.06.20"]
[Round "1.3"]
[White "Nakamura,Hi"]
[Black "Carlsen,M"]
[Result "1/2-1/2"]
[WhiteElo "2736"]
[BlackElo "2863"]

1.e4 c5 2.Nf3 Nc6 3.c3 e5 4.d4 cxd4 5.cxd4 exd4 6.Nxd4 Nf6 7.Nxc6 bxc6 8.Bd3 Bd6
9.O-O O-O 10.Nc3 Re8 11.h3 Be5 12.Qc2 h6 13.Bd2 d5 14.exd5 cxd5 15.Rfe1 Bd7
16.Rad1 Rc8 17.Qb1 Qb6 18.Re2 Bd4 19.Rde1 Re6 20.Bf5 Rxe2 21.Rxe2 Bxf5 22.Qxf5 Qa6
23.Re7 Rd8 24.a3 Qb6 25.b4 Qd6 26.Re1 Qa6 27.a4 Qc4 28.Nb5 Ne4 29.Nxd4 Qxd4
30.Be3 Qxb4 31.Rc1 Nc3 32.Qf3 d4 33.Bxd4 Qxd4 34.Rxc3 Qxa4 35.Kh2 Qd7 36.Ra3 a5
37.g3 Qd5 38.Qc3 Ra8 39.h4 a4 40.Qb4 Qc6 41.Qd4 h5 42.Qb4 g6 43.Qd4 Kh7 44.Qf4 Qd7
45.Qb4 Ra6 46.Qf4 Ra5 47.Qb4 Rf5 48.Qb2 Qa7 49.Re3 Qc5 50.Kg1 Qc6 51.Qa2 Kg7
52.Kh2 Kh7 53.Ra3 Qc5 54.Kg2 Qc6+ 55.Kh2 Qc5 56.Kg2 Rxf2+ 57.Qxf2 Qxa3 58.Qxf7+ Kh6
59.Qg8 Qb2+ 60.Kh3 Qg7 61.Qe8 Qd4 62.Qe7 Qd5 63.Kh2 Qa2+ 64.Kh3 Qd5 65.Kh2 Qd4
66.Kh3 Qa1 67.Kh2 Qa2+ 68.Kh3 Qc4 69.Kh2 Qc2+ 70.Kh3 Qf5+ 71.Kh2 Qc8 72.Qe3+ Kh7
73.Qa7+  1/2-1/2

[Event "Chessable Masters GpA"]
[Site "chess24.com INT"]
[Date "2020.06.20"]
[Round "2.2"]
[White "Grischuk,A"]
[Black "Nakamura,Hi"]
[Result "1/2-1/2"]
[WhiteElo "2777"]
[BlackElo "2736"]

1.e4 e5 2.Nf3 Nc6 3.Bb5 Nf6 4.O-O Nxe4 5.Re1 Nd6 6.Nxe5 Be7 7.Bf1 Nxe5 8.Rxe5 O-O
9.d4 Ne8 10.d5 d6 11.Re1 Bf5 12.Nc3 Nf6 13.Qf3 Bg6 14.Bd3 a6 15.Be3 Qd7 16.Bd4 Rae8
17.h3 Bd8 18.a3 Rxe1+ 19.Rxe1 Re8 20.Rxe8+ Qxe8 21.Kf1 Bxd3+ 22.Qxd3 Nd7
23.Qe2 Qxe2+ 24.Kxe2 Bf6 25.Ke3 Kf8 26.Ne4 Bxd4+ 27.Kxd4 Ke7 28.c4 a5 29.b4 axb4
30.axb4 b6 31.g4 h6 32.f4 g6 33.Nc3 Nb8 34.Ne4 Nd7 35.Nc3 Nb8 36.Ne4 Nd7  1/2-1/2

[Event "Chessable Masters GpA"]
[Site "chess24.com INT"]
[Date "2020.06.20"]
[Round "3.2"]
[White "Nakamura,Hi"]
[Black "Artemiev,V"]
[Result "1/2-1/2"]
[WhiteElo "2736"]
[BlackElo "2716"]

1.c4 c6 2.d4 d5 3.cxd5 cxd5 4.Nc3 Nf6 5.Bf4 Nc6 6.e3 a6 7.Be2 Bf5 8.Nf3 e6
9.O-O Be7 10.Rc1 O-O 11.Na4 Nh5 12.Be5 Nf6 13.Bf4 Nh5 14.Be5 Nf6 15.Bf4  1/2-1/2

[Event "Chessable Masters GpA"]
[Site "chess24.com INT"]
[Date "2020.06.20"]
[Round "4.1"]
[White "Nakamura,Hi"]
[Black "Harikrishna,P"]
[Result "1/2-1/2"]
[WhiteElo "2736"]
[BlackElo "2719"]

1.e4 c5 2.Nf3 e6 3.g3 Nc6 4.Bg2 Nf6 5.d3 d6 6.O-O Be7 7.Re1 O-O 8.c3 Bd7
9.Nbd2 Qc7 10.a3 Ne5 11.Nxe5 dxe5 12.a4 Bc6 13.Nc4 Rad8 14.f4 Nd7 15.fxe5 Nxe5
16.Bf4 f6 17.Bh3 Bd6 18.Bxe6+ Kh8 19.Bxe5 Bxe5 20.Qe2 Qe7 21.Bh3 Bc7 22.b3 g6
23.Rad1 f5 24.Bg2 f4 25.Rf1 fxg3 26.e5 gxh2+ 27.Kh1 Bxg2+ 28.Qxg2 Rxf1+ 29.Rxf1 Rxd3
30.Qxb7 Rg3 31.Qxa7 Rg1+ 32.Rxg1 hxg1=Q+ 33.Kxg1 Qg5+ 34.Kf1 Qf4+ 35.Ke2 Bxe5
36.Qa8+ Kg7 37.a5 Bxc3 38.Qb7+ Kh6 39.Qh1+ Kg7 40.a6 Qg4+ 41.Qf3 Qe6+ 42.Qe3 Qg4+
43.Kd3 Bf6 44.Qxc5 Qd1+ 45.Nd2 Qa1 46.a7 h5 47.Qb6 Qc3+ 48.Ke2 Qe5+ 49.Kf1 Qf4+
50.Qf2 Qxf2+ 51.Kxf2 Bd4+ 52.Kf3 Bxa7 53.Ne4 Kf7 54.Ng3 Kf6 55.Nxh5+ gxh5
56.b4 Kg5 57.b5 Kh4 58.b6 Bxb6 59.Kg2 Kg4 60.Kh1  1/2-1/2

[Event "Chessable Masters GpA"]
[Site "chess24.com INT"]
[Date "2020.06.20"]
[Round "5.3"]
[White "Dubov,Daniil"]
[Black "Nakamura,Hi"]
[Result "1/2-1/2"]
[WhiteElo "2699"]
[BlackElo "2736"]

1.d4 Nf6 2.c4 e6 3.Nf3 d5 4.g3 Be7 5.Bg2 O-O 6.Nc3 dxc4 7.Ne5 c5 8.dxc5 Qxd1+
9.Nxd1 Bxc5 10.Ne3 c3 11.bxc3 Nbd7 12.Nd3 Rb8 13.Nc4 b6 14.Bf4 Bb7 15.Bxb7 Rxb7
16.Rb1 Nd5 17.Na5 Nxf4 18.Nxb7 Nxd3+ 19.exd3 Be7 20.c4 Rb8 21.c5 Rxb7 22.c6 Rc7
23.cxd7 Rxd7 24.Ke2 g6 25.Rhc1 Bc5 26.a4 Kg7 27.Rc4 a5 28.f4 h5 29.d4 Rxd4
30.Rxd4 Bxd4 31.Rd1 e5 32.fxe5 Bxe5 33.Kd3 Bd6 34.Ke4 Bc5 35.Ke5 Bf2 36.Rd3 Bc5
37.h3 Bf2 38.g4 hxg4 39.hxg4 Bc5 40.Rd7 Bg1 41.Rb7 Bc5 42.Rd7 Bg1 43.Rb7 Bc5
44.Rd7  1/2-1/2

[Event "Chessable Masters GpA"]
[Site "chess24.com INT"]
[Date "2020.06.22"]
[Round "6.3"]
[White "Carlsen,M"]
[Black "Nakamura,Hi"]
[Result "1-0"]
[WhiteElo "2863"]
[BlackElo "2736"]

1.d4 Nf6 2.c4 e6 3.Nf3 d5 4.Nc3 Be7 5.Bf4 O-O 6.a3 Nbd7 7.Nb5 Ne8 8.e3 dxc4
9.Bxc4 c5 10.dxc5 a6 11.Nbd4 Bxc5 12.O-O Qe7 13.Rc1 Bd6 14.Ba2 Ndf6 15.Ne5 Nd7
16.Ndc6 Qh4 17.Bg3 Qg5 18.h4 Qf6 19.Ng4 Qxb2 20.Bxd6 bxc6 21.Rc2 Qb5 22.Bxf8 Nxf8
23.h5 h6 24.Qf3 Qxh5 25.Qxc6 Nc7 26.Qf3 Nd5 27.e4 e5 28.Nxh6+  1-0

[Event "Chessable Masters GpA"]
[Site "chess24.com INT"]
[Date "2020.06.22"]
[Round "7.2"]
[White "Nakamura,Hi"]
[Black "Grischuk,A"]
[Result "1/2-1/2"]
[WhiteElo "2736"]
[BlackElo "2777"]

1.d4 Nf6 2.c4 e6 3.Nf3 d5 4.Nc3 Bb4 5.Qa4+ Nc6 6.e3 O-O 7.Qc2 Re8 8.Bd2 a6
9.a3 Bd6 10.h3 h6 11.Rd1 Bd7 12.Be2 dxc4 13.Bxc4 e5 14.O-O e4 15.Nh2 b5 16.Ba2 b4
17.Nd5 bxa3 18.bxa3 Be6 19.Nxf6+ Qxf6 20.d5 Bxh2+ 21.Kxh2 Bxd5 22.Bc3 Qd6+
23.Kg1 Ne7 24.Rd2 Qe6 25.Bxd5 Nxd5 26.Ba5 Qf5 27.Qc4 Re5 28.Bc3 Nxc3 29.Qxc3 Rc5
30.Qd4 Re8 31.Rb1 Rc6 32.Qd7 Qxd7 33.Rxd7 g6 34.Rb7 Re5 35.Rdxc7 Rxc7 36.Rxc7 Ra5
37.Rc3 Kg7 38.Rc4 Rxa3 39.Rxe4 h5 40.h4 a5 41.g3  1/2-1/2

[Event "Chessable Masters GpA"]
[Site "chess24.com INT"]
[Date "2020.06.22"]
[Round "8.2"]
[White "Artemiev,V"]
[Black "Nakamura,Hi"]
[Result "1/2-1/2"]
[WhiteElo "2716"]
[BlackElo "2736"]

1.Nf3 Nf6 2.g3 d5 3.Bg2 e6 4.O-O Be7 5.c4 O-O 6.b3 c5 7.cxd5 Nxd5 8.Bb2 Nc6
9.d4 cxd4 10.Nxd4 Bd7 11.Na3 Bf6 12.Qd2 Nxd4 13.Bxd4 Bc6 14.Rfd1 Ne7 15.Bxf6 Qxd2
16.Rxd2 gxf6 17.Bxc6 Nxc6 18.Rd7 Rab8 19.Nc4 Rfd8 20.Rad1 f5 21.f4 b5 22.Ne5 Rxd7
23.Nxd7 Rb7 24.Nc5 Rb8 25.Rd7 a5 26.Nd3 Rd8 27.Rc7 Rd6 28.Kf2 h5 29.a3 f6
30.Rb7 Nd4 31.b4 axb4 32.Nxb4 Rd8 33.Rb6 Kf7 34.h3 Ra8 35.e3 Nb3 36.Rxb5 Rxa3
37.Nc2 Ra2 38.Rxb3 Rxc2+ 39.Kf3 Rc6 40.Rb7+ Kg6 41.Re7 Ra6  1/2-1/2

[Event "Chessable Masters GpA"]
[Site "chess24.com INT"]
[Date "2020.06.22"]
[Round "9.1"]
[White "Harikrishna,P"]
[Black "Nakamura,Hi"]
[Result "1/2-1/2"]
[WhiteElo "2719"]
[BlackElo "2736"]

1.Nf3 f5 2.d3 Nc6 3.e4 e5 4.Nc3 Bb4 5.exf5 d5 6.d4 exd4 7.Nxd4 Nf6 8.a3 Bxc3+
9.bxc3 Nxd4 10.cxd4 Bxf5 11.f3 O-O 12.Be2 Qd7 13.a4 Qc6 14.Ra2 Rae8 15.O-O a6
16.Bd2 Re6 17.Rf2 Rfe8 18.Bf1 Nd7 19.a5 h6 20.Qb1 Rb8 21.Qb3 b5 22.Qb4 Rbe8
23.Ra3 Nb8 24.Rc3 Qd7 25.Rc5 Rc6 26.Bf4 Ree6 27.Re2 Rxe2 28.Bxe2 Qe7 29.Rxb5 Qxe2
30.Rxb8+ Kh7 31.Qd2 Qe7 32.c3 Qa3 33.h4 Qxa5 34.g4 Qa1+ 35.Kf2 Bb1 36.Qc1 Rb6
37.Bxc7 Rxb8 38.Bxb8 Qa2+ 39.Kg3 Bd3 40.Qe3 Qc2 41.h5 Qxc3 42.Be5 a5 43.Bxg7  1/2-1/2

[Event "Chessable Masters GpA"]
[Site "chess24.com INT"]
[Date "2020.06.22"]
[Round "10.3"]
[White "Nakamura,Hi"]
[Black "Dubov,Daniil"]
[Result "1-0"]
[WhiteElo "2736"]
[BlackElo "2699"]

1.e4 c5 2.Nf3 Nc6 3.Nc3 g6 4.d4 cxd4 5.Nxd4 Bg7 6.Be3 Nf6 7.Bc4 O-O 8.Bb3 Re8
9.f4 d6 10.Qf3 Bd7 11.O-O Ng4 12.Nxc6 bxc6 13.Bd2 d5 14.f5 Ne5 15.Qf2 e6
16.f6 Ng4 17.Qf3 Qxf6 18.Qxg4 Qd4+ 19.Rf2 f5 20.Qf3 fxe4 21.Qf7+ Kh8 22.Qxd7 Rad8
23.Qxc6 Rf8 24.Be1 Qe3 25.Qxe6 Bd4 26.Nxd5 Qe2 27.Qe5+  1-0

[Event "Chessable Masters Final 8"]
[Site "chess24.com INT"]
[Date "2020.06.26"]
[Round "1.14"]
[White "Nakamura,Hi"]
[Black "Ding Liren"]
[Result "1/2-1/2"]
[WhiteElo "2736"]
[BlackElo "2791"]

1.e4 e5 2.Nf3 Nc6 3.Bb5 Nf6 4.d3 Bc5 5.Bxc6 dxc6 6.O-O Nd7 7.Nbd2 O-O 8.Nc4 Re8
9.a4 f6 10.Be3 Bf8 11.Nfd2 Nc5 12.f4 exf4 13.Bxf4 Be6 14.Ne3 Qd7 15.Kh1 Rad8
16.Nf3 Bf7 17.Qe1 Ne6 18.Bg3 c5 19.b3 Nd4 20.Qf2 b6 21.a5 b5 22.Nxd4 cxd4
23.Nf5 a6 24.Bf4 c5 25.g4 Be6 26.h4 h5 27.Bd2 hxg4 28.Qg3 g6 29.Nh6+ Kh7
30.h5 g5 31.Nf5 c4 32.bxc4 bxc4 33.Rab1 c3 34.Be1 Qa4 35.Qf2 Qd7 36.Ng3 Be7
37.Rb6 Rb8 38.Rxa6 Ra8 39.Rxa8 Rxa8 40.Ne2 Rxa5 41.Qxd4 Ra2 42.Qxd7 Bxd7
43.Nd4 Kh6 44.Bxc3 Kxh5 45.Rb1 Bc5 46.Rb7 Bxd4 47.Bxd4 Bc6 48.Rh7+ Kg6  1/2-1/2

[Event "Chessable Masters Final 8"]
[Site "chess24.com INT"]
[Date "2020.06.26"]
[Round "1.12"]
[White "Nakamura,Hi"]
[Black "Ding Liren"]
[Result "0-1"]
[WhiteElo "2736"]
[BlackElo "2791"]

1.e4 e5 2.Nf3 Nc6 3.Bb5 Nf6 4.d3 Bc5 5.Bxc6 dxc6 6.O-O Nd7 7.Nbd2 O-O 8.Nc4 Re8
9.a4 a5 10.h4 Nb6 11.Ne3 Bxe3 12.fxe3 Nd7 13.Bd2 Nf6 14.Nh2 h5 15.Qf3 Qe7
16.Bc3 c5 17.b3 Ng4 18.Be1 Ra6 19.Bg3 Rg6 20.Nxg4 Bxg4 21.Qf2 Rd8 22.Kh2 b6
23.Qd2 f6 24.Qc3 Rd6 25.Rf2 Kh7 26.Raf1 Be6 27.Rf3 Rg4 28.Qe1 Qe8 29.Kh1 Qg6
30.Qf2 Qe8 31.Ra1 Kg8 32.Bh2 Rg6 33.Qf1 Qd7 34.Rb1 Rg4 35.Rg3 Rxg3 36.Bxg3 Bg4
37.Ra1 Qe6 38.Qf2 Kf7 39.Rf1 Ke8 40.Qe1 Kd7 41.Qc3 Kc8 42.Kg1 Kb7 43.Rf2 Qe8
44.Rf1 Qg6 45.Kh2 Be6 46.Qe1 Qg4 47.Qc3 Bd7 48.Qe1 Bc6 49.Qf2 Rd8 50.Ra1 Rh8
51.Qf3 Qe6 52.Rf1 Rh6 53.Qe2 Qe8 54.Qd1 Rh8 55.Be1 Bd7 56.Kh1 Qg6 57.Kh2 Rd8
58.Bg3 Qg4 59.Qxg4 Bxg4 60.Kg1 c6 61.Ra1 Ra8 62.Be1 b5 63.Kf1 Kb6 64.Bc3 b4
65.Bb2 Rd8 66.Ke1 Kc7 67.Kd2 Kd6 68.Rf1 Ke6 69.Ke1 Rg8 70.Kf2 g5 71.hxg5 fxg5
72.Kg3 Rd8 73.Rf2 c4 74.bxc4 c5 75.Rd2 Rc8 76.Ba1 Rf8 77.c3 Rf1 78.Bb2 Bd1
79.d4 h4+ 80.Kh2 g4  0-1

[Event "Chessable Masters Final 8"]
[Site "chess24.com INT"]
[Date "2020.06.26"]
[Round "1.13"]
[White "Ding Liren"]
[Black "Nakamura,Hi"]
[Result "1/2-1/2"]
[WhiteElo "2791"]
[BlackElo "2736"]

1.d4 f5 2.g3 Nf6 3.Bg2 g6 4.Nf3 Bg7 5.O-O O-O 6.c4 d6 7.Nc3 c6 8.d5 e5 9.dxe6 Bxe6
10.b3 Re8 11.Bb2 Na6 12.Ng5 Bc8 13.e3 Qe7 14.Qc2 h6 15.Nf3 Be6 16.Rad1 Bf7
17.Ne2 Nc5 18.Nf4 Ng4 19.Bxg7 Kxg7 20.Qb2+ Kh7 21.Nd4 a5 22.h3 Ne5 23.h4 Qf6
24.Qc2 Kg8 25.Nfe2 Rad8 26.Nc3 a4 27.Rd2 axb3 28.axb3 g5 29.Qxf5 Qxf5 30.Nxf5 Nxb3
31.Rxd6 Rxd6 32.Nxd6 Rd8 33.Nxf7 Kxf7 34.hxg5 hxg5 35.Rb1 Na5 36.c5 g4 37.Ne4 Ke6
38.Bf1 Nf3+ 39.Kg2 Rh8 40.Bd3 Ke5 41.Kf1 Rh1+ 42.Ke2 Rxb1 43.Bxb1 Nb3 44.Kd3 Nc1+
45.Kc4 Ne2 46.Kb4 Nc1 47.Ka5 Ne1 48.Kb6 Ned3 49.Nc3 Nxf2 50.Kxb7 Nh1 51.Ne4 Ne2
52.Kxc6 Nexg3 53.Nxg3 Nxg3 54.Kb6 Ne4 55.Bxe4 Kxe4 56.c6 g3 57.c7 g2 58.c8=Q g1=Q
59.Qe6+ Kf3 60.Qf5+ Ke2 61.Qc2+ Kf3 62.Qf5+ Ke2 63.Qc2+ Kf3 64.Qf5+  1/2-1/2

[Event "Chessable Masters Final 8"]
[Site "chess24.com INT"]
[Date "2020.06.26"]
[Round "1.11"]
[White "Ding Liren"]
[Black "Nakamura,Hi"]
[Result "1/2-1/2"]
[WhiteElo "2791"]
[BlackElo "2736"]

1.c4 e5 2.g3 Nf6 3.Bg2 d5 4.cxd5 Nxd5 5.Nf3 Nc6 6.O-O Be7 7.Nc3 Nb6 8.b3 O-O
9.Bb2 Re8 10.Rc1 Bf8 11.Ne4 f6 12.d3 a5 13.a3 Be6 14.Nc5 Bxc5 15.Rxc5 e4
16.Ne1 Qd6 17.Qc2 a4 18.b4 Bb3 19.Qc1 exd3 20.Nxd3 Rxe2 21.Nf4 Re7 22.h4 Rae8
23.h5 h6 24.Ng6 Rd7 25.Bxc6 bxc6 26.Rxc6 Qd5 27.Rc5 Qf7 28.Bc3 Nd5 29.Bd2 Red8
30.Bf4 Ne7 31.Rxc7 Nf5 32.Rc8 Nd4 33.Qc7 Qe8 34.Rxd8 Rxd8 35.Be3 Nf3+ 36.Kg2 Ne5
37.Nxe5 fxe5 38.g4 Be6 39.f3 e4 40.fxe4 Bxg4 41.Rf4 Bxh5 42.Kf2 Rc8 43.Qd6 Rc2+
44.Kg1 Kh7 45.Bd4 Rd2 46.Rf2 Rd1+ 47.Rf1 Rxf1+ 48.Kxf1 Qxe4 49.Qe5 Qxe5 50.Bxe5 Be8
51.Kf2 g5 52.Ke3 Kg6 53.Bd6 Kf5 54.Bf8 h5 55.Be7 Bc6 56.Bd8 h4 57.Be7 Kg4
58.b5 Bxb5 59.Bd8 Bc6 60.Be7 Kf5 61.Bd8 Bb7 62.Be7 Kg4 63.Bd8 Kh5 64.Bc7 Kg4
65.Bd8 Ba6 66.Be7 Bb5 67.Bd8 Be8 68.Be7 Kf5 69.Bd8 Bf7 70.Be7 Bg8 71.Bd8 Bh7
72.Be7 Bg6 73.Bd8 Bh5 74.Be7 Bd1 75.Bd8 Kg4 76.Be7 Bc2 77.Bd8 Kf5 78.Be7 Bb1
79.Bd8 Ba2 80.Be7 Bf7 81.Bd8 Be6 82.Be7 Bc8 83.Bd8 Ba6 84.Be7 Bc4 85.Bd8 Bd5
86.Be7 Bg2 87.Bd8 Ba8 88.Be7 Bb7 89.Bd8 Bc8 90.Be7 Kg6 91.Bd8 Kh5 92.Bc7 Ba6
93.Bd6 Kg4 94.Be7 Bb5  1/2-1/2

[Event "Chessable Masters Final 8"]
[Site "chess24.com INT"]
[Date "2020.06.28"]
[Round "1.27"]
[White "Nakamura,Hi"]
[Black "Ding Liren"]
[Result "1-0"]
[WhiteElo "2736"]
[BlackElo "2791"]

1.Nf3 Nf6 2.e3 g6 3.c4 Bg7 4.Nc3 c5 5.d4 cxd4 6.Nxd4 O-O 7.Nc2 Nc6 8.Be2 e6
9.e4 d5 10.exd5 exd5 11.cxd5 Ne7 12.Ne3 a6 13.a4 b6 14.Bf3 Bb7 15.d6 Nc6
16.O-O Na5 17.Bxb7 Nxb7 18.Nc4 Rc8 19.Qb3 Nxd6 20.Nxb6 Rb8 21.a5 Nd7 22.Ncd5 Nxb6
23.axb6 Nf5 24.Bf4 Nd4 25.Qc4 Rb7 26.Rad1 Rd7 27.Bc7 Qa8 28.Nc3 Rc8 29.Qa4  1-0

[Event "Chessable Masters Final 8"]
[Site "chess24.com INT"]
[Date "2020.06.28"]
[Round "1.26"]
[White "Ding Liren"]
[Black "Nakamura,Hi"]
[Result "0-1"]
[WhiteElo "2791"]
[BlackElo "2736"]

1.d4 f5 2.g3 Nf6 3.Bg2 g6 4.Nf3 Bg7 5.c4 O-O 6.O-O d6 7.Nc3 c6 8.d5 e5 9.dxe6 Bxe6
10.b3 Re8 11.Ng5 Bc8 12.Bb2 Na6 13.Qc2 Ng4 14.Nh3 Be6 15.Nf4 Bf7 16.Rad1 Qe7
17.h3 Nf6 18.e4 fxe4 19.Rfe1 Nc5 20.b4 Nd3 21.Nxd3 exd3 22.Qd2 Qf8 23.Qxd3 Nd7
24.Na4 Rxe1+ 25.Rxe1 Ne5 26.Bxe5 dxe5 27.Nc5 b6 28.Ne4 Qxb4 29.Rc1 Qb2 30.Rd1 Qxa2
31.Qd7 Rf8 32.Nd6 Qxf2+ 33.Kxf2 Be6+ 34.Nf5 Rxf5+ 35.Ke2 Bxd7 36.Rxd7 Rf7
37.Rd8+ Bf8 38.Bxc6 Kg7 39.Bd5 Rc7 40.Re8 a5 41.Rxe5 a4 42.Kd3 a3 43.Re2 Ra7
44.Ra2 Bd6 45.g4 Be5 46.Kc2 Bb2 47.Kb3 Rd7 48.Kb4 Kf6 49.Kb5 Ke5 50.Bc6 Rd2  0-1

[Event "Chessable Masters Final 8"]
[Site "chess24.com INT"]
[Date "2020.06.28"]
[Round "1.22"]
[White "Ding Liren"]
[Black "Nakamura,Hi"]
[Result "0-1"]
[WhiteElo "2791"]
[BlackElo "2736"]

1.d4 d5 2.c4 dxc4 3.e4 Nf6 4.e5 Nd5 5.Bxc4 Nb6 6.Bd3 Nc6 7.Be3 Nb4 8.Be4 f5
9.a3 N4d5 10.Bxd5 Nxd5 11.Nc3 Nxe3 12.fxe3 e6 13.Nge2 g6 14.Nf4 Bh6 15.Nce2 c6
16.h4 a5 17.Kf2 O-O 18.Qb3 Re8 19.Rac1 Ra6 20.g3 Bf8 21.Rhd1 Kh8 22.Rc3 Rb6
23.Qc2 Bd7 24.Nd3 Re7 25.Nc5 Be8 26.Nf4 Bf7 27.Rc4 Re8 28.Rd2 Qe7 29.Qc3 Ra8
30.Ra4 Rb5 31.Rc4 Rb6 32.Qc2 Kg8 33.Rd3 h6 34.Rb3 Rxb3 35.Qxb3 g5 36.hxg5 hxg5
37.Nfd3 b5 38.Rc1 a4 39.Qa2 Qe8 40.Nb4 Rc8 41.Ke1 Bxc5 42.Rxc5 Bh5 43.Kd2 Bf3
44.Kc3 Kg7 45.Qb1 Be4 46.Qe1 Qh8 47.b3 Qh2 48.bxa4 bxa4 49.Ra5 Kg6 50.Ra6 c5
51.Rxe6+ Kf7 52.Rf6+ Kg7 53.dxc5 Rxc5+ 54.Kd4 Rc8 55.Nd5 Qb2+ 56.Nc3 Qb3  0-1

[Event "Chessable Masters Final 8"]
[Site "chess24.com INT"]
[Date "2020.06.28"]
[Round "1.25"]
[White "Nakamura,Hi"]
[Black "Ding Liren"]
[Result "0-1"]
[WhiteElo "2736"]
[BlackElo "2791"]

1.Nf3 d5 2.b3 Bf5 3.g3 e6 4.Bb2 Nf6 5.d3 h6 6.Bg2 Be7 7.O-O O-O 8.Nbd2 a5
9.a3 Bh7 10.Re1 c6 11.e4 Nbd7 12.Qe2 Qb6 13.Rab1 Rfd8 14.h3 Qa6 15.e5 Ne8
16.Bf1 Nc7 17.Qe3 b5 18.Qf4 c5 19.a4 b4 20.Rbc1 Nb8 21.h4 Nc6 22.Nh2 Qa7
23.Ng4 Bf8 24.Nf3 Rd7 25.h5 Rad8 26.Ne3 c4 27.bxc4 dxc4 28.Qxc4 Ne7 29.d4 Ncd5
30.Qb3 Nxe3 31.fxe3 Bf5 32.Nd2 Rc7 33.Nc4 Bg4 34.Nd6 Qb8 35.Nb5 Rc6 36.Bg2 Nd5
37.Bxd5 exd5 38.c4 dxc4 39.Qc2 c3 40.Qe4 Bd7 41.Ba1 Rc4 42.Rf1 Bxb5 43.axb5 Qxb5
44.e6 fxe6 45.Qxe6+ Kh8 46.Rf7 Rcc8 47.d5 a4 48.Rcf1 a3 49.g4 Qd3 50.g5 Re8
51.g6 Bc5 52.d6 Bxd6 53.Qd7 Qxe3+ 54.Kh1 Qe4+ 55.Kg1 Bc5+ 56.Kh2 Qh4+ 57.Kg2 Qg5+
58.Kh3 Qxh5+ 59.Kg3  0-1

[Event "Chessable Masters Final 8"]
[Site "chess24.com INT"]
[Date "2020.06.28"]
[Round "1.21"]
[White "Nakamura,Hi"]
[Black "Ding Liren"]
[Result "1/2-1/2"]
[WhiteElo "2736"]
[BlackElo "2791"]

1.e4 e5 2.Nf3 Nc6 3.Bb5 Nf6 4.d3 Bc5 5.Bxc6 dxc6 6.O-O Nd7 7.Nbd2 O-O 8.Nc4 Re8
9.a4 a5 10.Be3 Bb4 11.Nfd2 b6 12.f4 exf4 13.Bxf4 Nf8 14.c3 Bd6 15.Nxd6 cxd6
16.Nc4 Re6 17.Qh5 Ra7 18.Ne3 Ng6 19.Bg3 d5 20.Nf5 dxe4 21.dxe4 Rxe4 22.Rad1 Rd7
23.Qf3 Re6 24.Rxd7 Bxd7 25.Rd1 Nf8 26.Nd4 Re8 27.Nxc6 Qg5 28.Rf1 f6 29.Bf2 Ng6
30.Nd4 Bxa4 31.h4 Nxh4 32.Bxh4 Qxh4 33.b3 Bxb3 34.Nxb3 Qe4 35.Nd4 Qxf3 36.gxf3 Rc8
37.Rc1 g5 38.Kf2 Kf7 39.f4 gxf4 40.Ke2 h5 41.Kd3 h4 42.Rh1 Rh8 43.Nf3 h3
44.Rh2 b5 45.Ra2 b4 46.cxb4 axb4 47.Ke4 b3 48.Rb2 Ke6 49.Rxb3  1/2-1/2

[Event "Chessable Masters Final 8"]
[Site "chess24.com INT"]
[Date "2020.06.28"]
[Round "1.23"]
[White "Nakamura,Hi"]
[Black "Ding Liren"]
[Result "1/2-1/2"]
[WhiteElo "2736"]
[BlackElo "2791"]

1.e4 c5 2.Nf3 d6 3.Bb5+ Bd7 4.Bxd7+ Nxd7 5.O-O Ngf6 6.Re1 e6 7.c3 Be7 8.d4 O-O
9.e5 Ne8 10.Qe2 cxd4 11.cxd4 Nb6 12.Qe4 Qd7 13.Bg5 Nd5 14.Nbd2 Rc8 15.Nf1 h6
16.Bxe7 Nxe7 17.Ng3 Rc6 18.Qg4 f5 19.exf6 Rxf6 20.Nh4 Nc7 21.Re2 Ned5 22.Nh5 Rf7
23.Rae1 Qe7 24.h3 Nf6 25.Nxf6+ Qxf6 26.d5 Nxd5 27.Rxe6 Qxf2+ 28.Kh1 Nf4 29.Re8+ Kh7
30.Kh2 Rc5 31.R1e2 Qf1 32.Re1 Qf2 33.R1e2 Qf1 34.Re1 Qf2  1/2-1/2

[Event "Chessable Masters Final 8"]
[Site "chess24.com INT"]
[Date "2020.06.28"]
[Round "1.24"]
[White "Ding Liren"]
[Black "Nakamura,Hi"]
[Result "1-0"]
[WhiteElo "2791"]
[BlackElo "2736"]

1.d4 Nf6 2.c4 e6 3.Nc3 Bb4 4.Qc2 O-O 5.a3 Bxc3+ 6.Qxc3 d5 7.Nf3 dxc4 8.Qxc4 b6
9.h4 Ba6 10.Qc2 c5 11.dxc5 bxc5 12.Rh3 Nc6 13.Bg5 Nd4 14.Nxd4 cxd4 15.Rd1 e5
16.Rf3 Bb7 17.Bxf6 gxf6 18.Rg3+ Kh8 19.e3 Qe7 20.exd4 exd4+ 21.Be2 Be4 22.Qd2 d3
23.Bxd3 Bxd3+ 24.Re3 Qb7 25.Qxd3 Qxg2 26.Qd4 Qg1+ 27.Ke2 Qg6 28.Rf3 Rae8+
29.Kf1 Re6 30.Rg3 Qf5 31.Qg4 Qxg4 32.Rxg4 a5 33.b4 axb4 34.axb4 Rb8 35.Rb1 Re5
36.Kg2 h5 37.Rc4 Kg7 38.Kf3 f5 39.Kf4 Kf6 40.Rd1 Rb6 41.f3 Reb5 42.Rdd4 Rb8
43.Ke3 R5b6 44.Kd3 Ke6 45.Kc3 Ra6 46.Kb3 Rba8 47.b5 Ra1 48.Rc2 R1a3+ 49.Kb4 R3a4+
50.Kc5 Rc8+ 51.Kb6 Rxd4 52.Rxc8 Rxh4 53.Ka5 Kd7 54.Rc5 Rh1 55.b6 h4 56.b7 Ra1+
57.Kb6 Rb1+ 58.Ka7 Ra1+ 59.Kb8 h3 60.Rc2 Rh1 61.Ra2 Rb1 62.Ka7  1-0

[Event "Chessable Masters Final 8"]
[Site "chess24.com INT"]
[Date "2020.06.29"]
[Round "1.31"]
[White "Ding Liren"]
[Black "Nakamura,Hi"]
[Result "1/2-1/2"]
[WhiteElo "2791"]
[BlackElo "2736"]

1.d4 Nf6 2.c4 e6 3.g3 d5 4.Bg2 Be7 5.Nf3 O-O 6.Qb3 c5 7.cxd5 Qxd5 8.dxc5 Qxb3
9.axb3 Nc6 10.Nc3 Bxc5 11.O-O e5 12.Na4 Bb4 13.Nb6 Rb8 14.Nxc8 Rbxc8 15.Be3 e4
16.Nd4 Bc5 17.Nxc6 Rxc6 18.Bxc5 Rxc5 19.Rxa7 Rb5 20.Ra3 Rd8 21.Rfa1 g6 22.Ra8 Rxa8
23.Rxa8+ Kg7 24.Ra3 Rc5 25.Ra7 Rb5 26.Ra3 Rc5 27.Ra7 Rb5 28.Ra3  1/2-1/2

[Event "Chessable Masters Final 8"]
[Site "chess24.com INT"]
[Date "2020.06.29"]
[Round "1.32"]
[White "Nakamura,Hi"]
[Black "Ding Liren"]
[Result "0-1"]
[WhiteElo "2736"]
[BlackElo "2791"]

1.e4 e5 2.Nf3 Nc6 3.Bb5 Nf6 4.d3 Bc5 5.Bxc6 dxc6 6.O-O Nd7 7.Nbd2 O-O 8.Nc4 Re8
9.a4 a5 10.Be3 Bb4 11.Nfd2 f6 12.c3 Bf8 13.Qc2 b6 14.d4 exd4 15.cxd4 Nb8
16.Rac1 Na6 17.Rfd1 Nb4 18.Qb1 Be6 19.b3 Qd7 20.f3 Qf7 21.Bf2 Red8 22.Rc3 b5
23.Nb2 Rab8 24.axb5 Rxb5 25.Nbc4 a4 26.Rdc1 Ra8 27.bxa4 Rxa4 28.Ra3 Na2 29.Rxa4 Rxb1
30.Rxb1 Nc3 31.Rba1 Nxa4 32.Rxa4 Qe8 33.Ra6 Qc8 34.Rxc6 Bd7 35.Nb6 Qb7 36.Nxd7 Qxc6
37.Nxf8 Qc1+ 38.Nf1 Kxf8 39.g4 g6 40.Kg2 f5 41.gxf5 gxf5 42.Ng3 fxe4 43.Nxe4 Kf7
44.h4 h6 45.Ng3 Ke6 46.Ne4 Kd5 47.Ng3 Kc4 48.h5 Qg5 49.Bg1 Kd5 50.Bf2 Ke6
51.Bg1 Qd2+ 52.Bf2 Qd3 53.Nf1 Kf5 54.Ne3+ Kg5 55.Ng4 Kxh5 56.Be3 Qc3 57.Kf2 Kh4
58.Bxh6 Qxd4+ 59.Ke2 Kg3 60.Bd2 Qc4+ 61.Ke3 Qb3+ 62.Kd4 c5+ 63.Ke4 Qxf3+  0-1